Computer class - VI (Record no. 10417)

MARC details
000 -LEADER
fixed length control field 00262nam a22000977a 4500
008 - FIXED-LENGTH DATA ELEMENTS--GENERAL INFORMATION
fixed length control field 180216b ||||| |||| 00| 0 eng d
020 ## - INTERNATIONAL STANDARD BOOK NUMBER
International Standard Book Number 97788181372024
100 ## - MAIN ENTRY--PERSONAL NAME
Personal name Sachdeva, P
9 (RLIN) 6362
245 ## - TITLE STATEMENT
Title Computer class - VI
260 ## - PUBLICATION, DISTRIBUTION, ETC. (IMPRINT)
Place of publication, distribution, etc. New Delhi
Name of publisher, distributor, etc. Rachina Publication
Date of publication, distribution, etc. 2006
Holdings
Withdrawn status Lost status Source of classification or shelving scheme Damaged status Koha normalized classification for sorting Not for loan Home library Current library Shelving location Date acquired Total Checkouts Full call number Barcode Date last seen Price effective from Koha item type
    Dewey Decimal Classification   SAC_004_000000000000000_D10   Good Samaritan School Library Good Samaritan School Library Computer Science 02/16/2018   SAC004 D-10 SAC12864 02/16/2018 02/16/2018 BOOK

Powered by Koha